000 00824nam a2200253Ia 4500
003 OSt
005 20221005092913.0
006 a|||||r|||| 00| 0
007 ta
008 221004b |||||||| |||| 00| 0 eng d
020 _a9781438435657 (hbk)
_c5076.35
024 _a122740
037 _b208, 29/08/2012, Om Book Distributots
_cTextual
040 _aCRL
_cCRL
_beng
041 _2eng
_aeng
082 _aO152,1:g(S:55), 111Q1
100 _aRitter Valerie
_9617906
245 0 _aKama's flowers
_b Nature in Hindi poetry and criticism,1885-1925
260 _aNew York
_bSuny Press USA
_c2011
300 _axxvi,340p.
_ccm.
650 _aHINDI LITERATURE
_923866
942 _hO152,1:g(S:55), 111Q1
_cTEXL
_2cc
999 _c999550
_d999550